Discursos de recepción leídos en la Real Academia de Ciencias Morales y Políticas (Record no. 172604)

MARC details
000 -LEADER
campo de control de longitud fija 03400nas a2200397 i 4500
001 - NÚMERO DE CONTROL
campo de control 172604
003 - IDENTIFICADOR DE NÚMERO DE CONTROL
campo de control ES-MaACL
005 - FECHA Y HORA DE LA ÚLTIMA TRANSACCIÓN
campo de control 20250928145929.0
007 - CAMPO FIJO DE DESCRIPCIÓN FÍSICA--INFORMACIÓN GENERAL
campo de control de longitud fija t|
008 - DATOS DE LONGITUD FIJA--INFORMACIÓN GENERAL
campo de control de longitud fija 090727c1875 sp a| | 1 ||pa d
080 ## - NÚMERO DE LA CLASIFICACIÓN DECIMAL UNIVERSAL
Número de la Clasificación Decimal Universal 3 : 061.12(460)
110 2# - ENTRADA PRINCIPAL--NOMBRE DE ENTIDAD CORPORATIVA
Nombre de entidad corporativa o nombre de jurisdicción como elemento de entrada Real Academia de Ciencias Morales y Políticas (España)
9 (RLIN) 222050
245 10 - MENCIÓN DEL TÍTULO
Título Discursos de recepción leídos en la Real Academia de Ciencias Morales y Políticas
Fechas predominantes 1860-1875.
260 ## - PUBLICACIÓN, DISTRIBUCIÓN, ETC.
Lugar de publicación, distribución, etc. Madrid :
Nombre del editor, distribuidor, etc. [s. n.],
Fecha de publicación, distribución, etc. 1875 (
Fabricante Imp. de Fermín Martínez García)
300 ## - DESCRIPCIÓN FÍSICA
Extensión 1 v. ;
Dimensiones 26 cm.
505 8# - NOTA DE CONTENIDO CON FORMATO
Nota de contenido con formato Contiene: T. I: Influencia de la moral cristiana en nuestra civilización e impotencia de la moral filosófica para obtenerla / Miguel Sanz (26 p.). Contestación / Santiago de Tejada (p. 27-101). Reflexiones sobre la importancia que va adquiriendo el estudio de la economía política / Luis María Pastor (p. 103-129). Contestación / Antonio Benavides (p. 130-149). Relaciones de la economía política con la moral y el derecho / Santiago Diego Madrazo (p. 151-196). Contestación / Manuel Colmeiro (p. 197-204). Necesidad y urgencia de mejorar el sistema carcelario y penitenciario de España / Antonio Aguilar y Correa (p. 205-233). Contestación / Manuel Colmeiro (p. 234-244). El hombre es perfectible, pero no infinitamente perfectible / Fermín Caballero (p. 245-322). Contestación / Laureano Figuerola (p. 323-333). De las regalías de la Corona / Juan Martín Carramolino (p. 335-363). Contestación / Antonio Benavides (p. 365-382). Demostración de que en la religión católica el criterio de la verdad, en los misterios de la fe y en las costumbres, no es la razón natural, sino la autoridad de la Iglesia docente / Juan Antonio Andonaegui (p. 383- 409). Contestación / Juan Martín Carramolino (p. 411-420). De la sociedad y el socialismo / José Lorenzo Figueroa (p .421-456). Contestación / Marqués de Molins (p. 456-484). Patología social: breve estudio sobre la criminalidad / Pedro Felipe Monlau (p. 485-517). Contestación / Miguel Sanz y de la Fuente (p. 519-539). Contestación al discurso sobre "noción del Estado" de Manuel Alonso Martínez / Florencio Rodríguez Vaamonde (p. 541-571). De la perfectibilidad humana / Lope Gisbert (p. 573-613). Contestación / Luis María Pastor (p. 615-635). La separación de la Iglesia y el Estado / Vicente de la Fuente (p. 637-726). Contestación / Manuel Colmeiro (p. 727-739).
700 1# - ENTRADA AGREGADA--NOMBRE PERSONAL
Nombre de persona Sanz Lafuente, Miguel,
Fechas asociadas al nombre 1804-1880
9 (RLIN) 132464
700 1# - ENTRADA AGREGADA--NOMBRE PERSONAL
Nombre de persona Tejada, Santiago de.
9 (RLIN) 133165
700 0# - ENTRADA AGREGADA--NOMBRE PERSONAL
Nombre de persona Pastor, Luis María.
9 (RLIN) 89484
700 1# - ENTRADA AGREGADA--NOMBRE PERSONAL
Nombre de persona Benavides, Antonio,
Fechas asociadas al nombre 1808-1884
9 (RLIN) 27448
700 1# - ENTRADA AGREGADA--NOMBRE PERSONAL
Nombre de persona Madrazo, Santiago Diego.
9 (RLIN) 75341
700 1# - ENTRADA AGREGADA--NOMBRE PERSONAL
Nombre de persona Colmeiro, Manuel (
Fechas asociadas al nombre 1818-1894)
9 (RLIN) 39768
700 1# - ENTRADA AGREGADA--NOMBRE PERSONAL
Nombre de persona Aguilar y Correa, Antonio,
Títulos y otros términos asociados al nombre Marqués de la Vega de Armijo,
Fechas asociadas al nombre 1824-1908
9 (RLIN) 18751
700 1# - ENTRADA AGREGADA--NOMBRE PERSONAL
Nombre de persona Caballero, Fermín,
Fechas asociadas al nombre 1800-1876
9 (RLIN) 33078
700 1# - ENTRADA AGREGADA--NOMBRE PERSONAL
Nombre de persona Figuerola, Laureano,
Fechas asociadas al nombre 1816-1903
9 (RLIN) 50808
700 1# - ENTRADA AGREGADA--NOMBRE PERSONAL
Nombre de persona Martín Carramolino, Juan,
Fechas asociadas al nombre 1805-1884
9 (RLIN) 77431
700 1# - ENTRADA AGREGADA--NOMBRE PERSONAL
Nombre de persona Benavides, Antonio,
Fechas asociadas al nombre 1808-1884
9 (RLIN) 27448
700 1# - ENTRADA AGREGADA--NOMBRE PERSONAL
Nombre de persona Andonaegui, Juan Antonio.
9 (RLIN) 21500
700 1# - ENTRADA AGREGADA--NOMBRE PERSONAL
Nombre de persona Figueroa, José Lorenzo.
9 (RLIN) 127075
700 1# - ENTRADA AGREGADA--NOMBRE PERSONAL
Nombre de persona Monlau, Pedro Felipe,
Fechas asociadas al nombre 1808-1871
9 (RLIN) 82226
700 1# - ENTRADA AGREGADA--NOMBRE PERSONAL
Nombre de persona Rodríguez Vaamonde, Florencio.
9 (RLIN) 98847
700 1# - ENTRADA AGREGADA--NOMBRE PERSONAL
Nombre de persona Gisbert, Lope.
9 (RLIN) 57322
700 1# - ENTRADA AGREGADA--NOMBRE PERSONAL
Nombre de persona Fuente, Vicente de la,
Fechas asociadas al nombre 1817-1889
9 (RLIN) 52857
852 ## - LOCALIZACIÓN
Ubicación ES-MaACL
Número de control de estantería K-183
Holdings
Estatus retirado Estado de pérdida Estado de daño No para préstamo Colección Biblioteca de origen Biblioteca actual Ubicación en estantería Fecha de adquisición Total de préstamos Signatura topográfica completa Código de barras Visto por última vez Precio de reemplazo Tipo de ítem Koha
        Periódicos y Revistas Biblioteca del Ateneo de Madrid Biblioteca del Ateneo de Madrid Administración 27/07/2009   K-183 1181133 23/02/2023 23/02/2023 Revista